Una introducción al estudio del Derecho.

Bewaard in:
Bibliografische gegevens
Hoofdauteur: Ors, Álvaro d' (autor)
Formaat: Boek
Gepubliceerd in: Madrid, España: Ediciones Rialp, 1979.
Editie:Cuarta edición.
Onderwerpen:
Tags: Voeg label toe
Geen labels, Wees de eerste die dit record labelt!

MARC

LEADER 00000nam a22000007a 4500
003 CL-VaPUC
005 20221114163159.0
008 220719t1979 ||||| |||| 00| 0 eng d
999 |c 437249  |d 437247 
020 |a 84-321-0292-X 
040 |c Pontificia Universidad Católica de Valparaíso 
082 0 4 |a 340.1 ORS 1979  |2 21 
100 |a Ors, Álvaro d'  |e autor  |9 878430 
245 1 4 |a Una introducción al estudio del Derecho. 
250 |a Cuarta edición. 
260 |a Madrid, España:  |b Ediciones Rialp,  |c 1979. 
300 |a 153 páginas.  
500 |a c.1 Donación Familia Prof. Alejandro Guzmán Brito. 
583 |a last modification  |c 19950614 00:00:00  |k Cristina María Rojas Aguilar 
650 0 |a Historia del derecho  |9 255109 
650 0 |a Filosofía del derecho   |9 255050 
942 |c BK  |2 ddc  |n 0 
952 |0 0  |1 0  |2 ddc  |4 0  |6 340_100000000000000_ORS_1979  |7 0  |8 C_AGB  |9 585007  |a BIBDER  |b BIBDER  |d 2022-07-19  |e Donación   |i 5653073  |o 340.1 ORS 1979  |p 5653073  |r 2023-01-25  |t 1  |w 2022-07-19  |y BK_US  |k AGB